000 00985cam a2200325 4500
008 090401t1988 xxu||||| |||| 00| 0 eng d
020 _a0719024757
035 _a(Sirsi) u15799
041 _aeng
050 _a711.52
110 _aFulbright Commission
_91598
245 _aRegenerating the cities: the UK crisis and the USA experience. (Proceedings of the Fulbright colloquium at the University of Liverpool , 28-30 September 1986)
260 _aManchester
_bManchester University Press
_c1988
300 _a181p. ; 24cm.
350 _a35
490 _aFulbright Papers
_v4
520 _aJoint editors: Bernard Foley Dennis Judd.
650 _aBRISTOL
650 _aCHICAGO
650 _aFOLEY BERNARD
650 _aINNER CITY REDEVELOPMENT
650 _aJUDD DENNIS
650 _aLIVERPOOL
650 _aNEW YORK
650 _aSCOTLAND
650 _aUNITED STATES OF AMERICA
700 _aParkinson, Michael.
_xEditor
942 _n0
948 _c04/03/1997
999 _c87313
_d87313